| 000 | 00968cam a2200241 4500 | ||
|---|---|---|---|
| 001 | ABS65850 | ||
| 008 | 020830n2002 000 0 eng u | ||
| 035 | _a(Sirsi) u119508 | ||
| 100 | _aOwen, M. | ||
| 245 | 4 | _aThe early bird catches the terms | |
| 260 | _c2002 | ||
| 490 |
_aEstates Gazette _v(0230) 27 July 2002, 126-128(3) |
||
| 520 | _aGives advice on setting the heads of terms on commercial lettings in the context of the new edition of the code of practice on commercial leases (ISBN 1842190989). Recommends that there should be a move away from traditional heads of terms on a letting to a more efficient and economical approach. Also advises on rent review, repair and insurance and drafting a lease. | ||
| 590 | _aABS | ||
| 650 | _aCODE OF PRACTICE | ||
| 650 | _aCOMMERCIAL LEASES | ||
| 650 | _aDRAFT | ||
| 650 | _aUPWARD ONLY RENT REVIEWS | ||
| 650 | _aLEASES | ||
| 690 | _aLANDLORD AND TENANT-LEASES | ||
| 700 | _aMartin, J. | ||
| 942 | _n0 | ||
| 999 |
_c71050 _d71050 |
||